India and Southeast Asia in a changing world: Exploring relations prospects for a sustainable future (Record no. 395595)

MARC details
000 -LEADER
fixed length control field 00700 a2200229 4500
005 - DATE & TIME
control field 20260312113934.0
008 - FIXED-LENGTH DATA ELEMENTS--GENERAL INFORMATION
fixed length control field 260309b |||||||| |||| 00| 0 eng d
020 ## - ISBN
International Standard Book Number 9781041035466
Price Rs. 1295.00
040 ## - CATALOGING SOURCE
Original cataloging agency VIVEKANANDA LIBRARY
082 ## - DDC NUMBER
Classification number 327.54
Book Number S14I
100 ## - MAIN ENTRY--PERSONAL NAME
Personal name Shailza Singh, ed.
245 ## - TITLE STATEMENT
Title India and Southeast Asia in a changing world: Exploring relations prospects for a sustainable future
260 ## - PUBLICATION, DISTRIBUTION, ETC. (IMPRINT)
Name of publisher, distributor, etc Routledge
Date of publication, distribution, etc 2025
Place of publication, distribution, etc New York
300 ## - PHYSICAL DESCRIPTION
Pages xxvii, 216
650 ## - Subject
Subject Defence Studies
650 ## - Subject
Subject International Relations
650 ## - Subject
Subject Southeast Asia- India
700 ## - Added Entry Personal Name
Added Entry Personal Name Varghese, Philip, ed.
700 ## - Added Entry Personal Name
Added Entry Personal Name Balaiah, Shalini, ed.
700 ## - Added Entry Personal Name
Added Entry Personal Name Sebastian, Sarish, ed.
942 ## - ADDED ENTRY ELEMENTS (KOHA)
Koha item type Books
Holdings
Withdrawn status Lost status Source of classification or shelving scheme Damaged status Not for loan Location (home branch) Sublocation or collection (holding branch) Shelving location Date acquired Koha issues (times borrowed) Koha full call number Accession No. Koha date last seen Koha item type
    Dewey Decimal Classification     VIVEKANANDA LIBRARY VIVEKANANDA LIBRARY Vivekananda Library 27/01/2026   327.54 S14I 444655 27/01/2026 Books
© Designed and Maintained by Vivekananda Library, MDU Rohtak